00394nam a22001457a 4500003000400000008004100004020001800045082001500063100004200078245003700120250000900157260003600166300001000202650003600212OSt200710b ||||| |||| 00| 0 eng d a9789382448310 a615.19 DEP a Deodhar, Meenakshi, and J. R. Jagtap aPharmaceutical Organic Chemistry a2018 aN DelhibNirali Prakashanc2018 a18.22 aPharmaceutical Organic Chemisty